000
00311nam a22001457a 4500
020
_a
81-7656-508-3
041
_a
ENG
100
_a
Simply
245
_a
Microsoft Windows XP Home Edition
260
_a
Delhi
_b
BPB PUB
_c
2001
300
_a
429
650
_a
Computer
700
_a
Visual
856
_u
Computer
999
_c
767
_d
767